MDQL
is popping MORE tags! Check the
thread
!
Quizzes
Events
Quiz Creation
Community
Videos
Private Events
Remove Ads
Sign In
Join for FREE
Feedback
Dark Mode
Quiz Categories
Sports
Geography
Music
Movies
Television
Just For Fun
Miscellaneous
History
Literature
Language
Science
Gaming
Entertainment
Religion
Holiday
For Kids
Quiz Lab
Recent
Popular Today
Quiz Kudos Today
Editor Picks
Curator Picks
Quizzes by...
Day
Popularity
Type
Ratings
Length
Year
Community
Subscriptions
Recent Discussions
Orange Saloon
Badges
Playlists
Quests
Create
Leaderboards
Showdown
Live 5
Trivia Bingo
Activity
Puzzle Library
Sporcle Events
Private Events
Virtual Trivia
Globe League
Become a Host
Pub Owners
SporcleCon
Opinionation
Our Games
Videos
Blog
Mobile Apps
Partnerships
Remove Ads and Go Orange
Feedback
Geography
Country
Landmarks
City
State
Population
World
Capital
Continent
Flags
Europe
Africa
Asia
South America
North America
Oceania
Border
Canada
United Kingdom
Topography
United States
Geography
Country
Landmarks
City
State
Population
World
Capital
Continent
Flags
Europe
Africa
Asia
South America
North America
Oceania
Border
Canada
United Kingdom
Topography
United States
Random Quiz
Search Sporcle
×
Quiz Lab
Quiz Lab
Geography
Cars
Type in answers that appear in a list
Type in answers that appear in a list
Classic
Best Score? Go Orange.
Countries with less % of paved roads Stats
Can you name the countries where less than 10% of the roads are paved?
By
Balaitous
4m
21 Questions
403 Plays
403 Plays
403 Plays
Comments
Comments
Give Quiz Kudos
Give Quiz Kudos
-
- Ratings
hide this ad
Replay
Link that replays current quiz
Next Quiz
Link to next quiz in quiz playlist
You Got
0%
They Got
Avg Score
50%
Avg Friend Score
Upgrade to see
Score Distribution
Jump to the score distribution portion of the page
Score
0/21
Timer
04:00
0
Plays Today
Percentage of paved roads
Country
% Correct
0,80%
Chad
81.1%
1,82%
Democratic Republic of the Congo
80.6%
6,80%
Central African Republic
73.2%
9,79%
Guinea-Conakry
67.5%
4,17%
Burkina Faso
67.2%
7,10%
Congo
64.6%
9,50%
Benin
63.7%
6,20%
Liberia
62.7%
8,00%
Sierra Leone
60.5%
3,50%
Mongolia
51.3%
7,90%
Ivory Coast
48.1%
Percentage of paved roads
Country
% Correct
3,50%
Papua New Guinea
47.5%
8,70%
Yemen
46.5%
8,50%
Bolivia
37.3%
6,29%
Cambodia
36.3%
7,40%
Guyana
36.3%
9,50%
Bangladesh
34.1%
2,80%
North Korea
32.5%
2,44%
Solomon Islands
27.4%
9,90%
Philippines
22.9%
9,96%
Uruguay
16.2%
Quiz Playlist
Details
Report
Send in Message
Add To Playlist
Classic:
Type in answers that appear in a list
Quiz Source
Last Updated: Feb 16, 2017
Quiz Scoreboard
CHALLENGE
Sign Up to Join the Scoreboard
Show All
Scores
Hide
Comments
May contain spoilers
Recently Published
5x2 Blitz: Bands
by SL_Kpop136
Music
30s
Colored Red Africa Blitz
by spor1
Geography
30s
Find the 'City' Movie
by crazypaving
Movies
60s
More to Explore
Quiz From the Vault
Featured Blog Post
14 Easter Pick-up Lines to Find Eggs With
hide this ad
You Might Also Like...
Tags
Cars Quiz
Country Quiz
car
Developing
Development
Development Index
Highway
Percentage
poor
road
transport
transportation
Today's Top Quizzes in Geography
Browse Geography
hide this ad
Today's Top Quizzes in Cars
Browse Cars
Top Contributed Quizzes in Geography
1
Countries of the World - No Outlines Minefield
2
Colored Red Europe Blitz I
3
Colored Red Africa Blitz II
4
Colored Red Europe Blitz II
5
Colored Red Africa Blitz III
6
Colored Red Europe Blitz III
7
Colored Red States Blitz I
8
African Flag Reveal XLVI
9
Colored Red States Blitz II
10
Colored Red States Blitz III
Explore More
Trending Topics
Kpop
NBA
Marvel
Disney
Crossword
Harry Potter
Anime
Soccer
Pokémon
WWE
NFL
Country
Puzzle
Song
The Office
hide this ad
More By:
Balaitous
Quiz
Plays
Rating
Category
Featured
Created
Flags Within Flags
338,381
4.86
Geography
May 31, 2014
Flags Within Flags II
154,576
4.62
Geography
Sep 21, 2015
Closest Countries to Antarctica
121,210
4.66
Geography
Mar 1, 2015
Closest Countries To Alaska
109,576
4.70
Geography
Mar 9, 2015
Closest Countries to Hawaii
101,341
4.67
Geography
Mar 2, 2015
Go to Creator's Profile
Score Distribution
Quiz Creator Spotlight
Balaitous
Follow
Send a Message
Quizzes Created
-
Created Quiz Play Count
-
More By This Creator
Popular Quizzes Today
1
Colored Red Africa Blitz
2
Find the 'City' Movie
3
Find the US States - No Outlines Minefield
4
5x2 Blitz: Bands
5
The Countries of the World
6
Find the US States
7
US States
8
9x9 Crossword: Cartoon Network
More Geography Quizzes
US States Without 'C' Minefield
Published
Trending Quizzes
Colored Red Europe Blitz I
Colored Red Europe Blitz II
Colored Red Africa Blitz II
Colored Red Europe Blitz III
Colored Red Africa Blitz III
Recently Updated
How Do You Spell That?
pecheneg
Godzilla Movies
pecheneg
Grab Bag: 4-10 Letters
pecheneg
2024 March Madness Bracket
pecheneg
Famous TV Couples
Peacemaker
Champions League XIs: Real Madrid
pecheneg
Largest US Cities 1790-2010
pecheneg
Rides in Walt Disney World
pecheneg
Most Oscar Losses (Acting)
pecheneg
Beyoncé Albums
pecheneg
Trending Topics
Disney
Anime
Kpop
NBA
Marvel
Harry Potter
Crossword
The Office
Country
Soccer
Puzzle
Song
Pokémon
WWE
NFL
Your Account Isn't Verified!
In order to create a playlist on Sporcle, you need to verify the email address you used during registration. Go to your
Sporcle Settings
to finish the process.
Report this User
Report this user for behavior that violates our
Community Guidelines
.
Details:
Send Report
Go to the Sporcle.com Mobile Site →
Comments